Statistics for oceania: pupulation from most to least

Click here to take the quiz!

General Stats

  • This quiz has been taken 20 times
  • The average score is 6 of 14

Answer Stats

HintAnswer% Correct
25,499,884australia
100%
4,822,233new zealand
70%
8,947,024papua new guinea
70%
10,824nauru
60%
198,414samoa
60%
686,884solomon islands
60%
11,792tuvalu
50%
896,445fiji
40%
59,190marshall islands
30%
18,094palau
30%
307,145vanuatu
30%
119,449kiribati
10%
548,914micronesia
10%
105,695tonga
10%

Score Distribution

Percentile by Number Answered

Percent of People with Each Score

Your Score History

You have not taken this quiz